000
00362nam a22001217a 4500
008
150330b xxu||||| |||| 00| 0 eng d
020
_a
9780071767347
020
_a
0071767347
041
0
_a
eng
080
_a
332.81
245
1
4
_a
The Forex mindset :
_c
Jared F. Martinez.
942
_2
udc
_c
BK
999
_c
627
_d
627